1263 1350 1005 1475 1536 1388 1436 1555 1314 1929 1676 1032 1659 1520 1223 1817 1218 1526 1446 1855 1851 1809 1130 1480 1636 1296 1985 1538 1707 1964 1454 1417 1946 1896 1944 1373 1993 1080 1547 1567 1969 1493 1191 1597 1088 1829 1340 1215 1189 1677 1861 1927 1233 1976 1569 1962 1404 1491 1485 1494 1649 1116 1569 1274 1441 1891 1002 1155 1826 1014 1672 1932 1430 1672 1511 1488 1488 1148 1936 1815 1375 1679 1522 1613 1964 1742 1603 1713 1096 1948 1550 1767 1039 1095 1338 1352 1615 1090 1864 BCNSPRNW ULIB Ver.6.0+V

เปลี่ยนเป็นภาษาไทย

Change to English
 แสดงรายละเอียดบรรณานุกรม
  กลับหน้าหลัก

Brief Record : Get Marc (ISO 2709) : E-mail record : QR code < ปิดหน้าต่าง
LEADER : 00000nam 2200000uu 4500
001    13399110434
003     ULIB
008    110530s2011||||th 000 0 eng d
020    1609133658
060 04 WY100^bT239f 2011
100 1  Taylor, Carol
245 10 Skill checklist for Fundamentals of nursing :^bthe art & science of nursingcare /^cCarol Taylor, Carol Lillis, Priscilla LeMone
250    7th ed.
260    Philadelphia :^bLippincott,^c2011
300    xxxv, 158 p. :^bcol. ill. ;^c29 cm.
504    Includes bibliographical references and index
650  2 Nursing
650  2 Health Promotion
650  2 Nursing Process
700 1  Lillis, Carol
700 1  LeMone, Priscilla
945    ^p0^l0^i030092
995    Kesorn
999 ^a ใช้งานได้ทุกระบบ
รายการนี้ยังไม่มีแท็ก
คุณยังไม่ได้ล็อกอิน คุณสามารถมีกิจกรรมร่วมกับเว็บไซต์ได้ แต่ต้องล็อกอินก่อน ::
  ล็อกอิน

รายการสื่อสารสนเทศ

ลำดับที่ ประเภท เลขเรียก/บาร์โค้ด สถานที่ สถานะ
1. วิทยาศาสตร์การแพทย์ และสุขภาพ
วิทยาศาสตร์การแพทย์ และสุขภาพ
WY100 T239f 2011  
  Barcode: 030092
ห้องสมุดวิทยาเขตนครสวรรค์
►หนังสือทั่วไป:l:General Books
บนชั้น

รายการใกล้เคียง
    ผู้แต่ง [Taylor, Carol]

    หัวเรื่อง [Nursing]
    หัวเรื่อง [Health Promotion]
    หัวเรื่อง [Nursing Process]

BibComment


ยังไม่เคยถูกคอมเมนท์

คอมเมนท์ทรัพยากรรายการนี้
  คอมเมนท์: Skill checklist f..


 Copyright 2026. Bcnsprnw @Library